[Event "LTU-ch"]
[Site "Vilnius"]
[Date "1999.??.??"]
[Round "?"]
[White "Cmilyte, Viktorija"]
[Black "Bucinskas, Valdas"]
[Result "0-1"]
[WhiteElo "2310"]
[BlackElo "2222"]

1.d4 d5 2.c4 dxc4 3.Nf3 a6 4.e3 Bg4 5.Bxc4 e6 6.h3 Bh5 7.Nc3 Nc6 8.O-O Nf6
9.a3 Bd6 10.b4 O-O 11.Bb2 e5 12.d5 Ne7 13.e4 Bxf3 14.Qxf3 a5 15.Na2 axb4
16.axb4 Nd7 17.Bd3 Nb6 18.Bc2 Qd7 19.Nc1 Nc4 20.Rxa8 Rxa8 21.Bc3 Nc8 22.Bd3 b5
23.Qe2 N8b6 24.Nb3 Ra3 25.Rb1 Qe7 26.Qc2 Ra4 27.Na5 Na3 28.Qc1 Nxb1 29.Qxb1 Qf8
30.Nc6 Nc4 31.Qc2 Qa8 32.Bxc4 bxc4 33.Na5 Qe8 34.Nc6 Ra6 35.Bd2 Rxc6 36.Qa4 Bxb4
37.Bxb4 Re6 38.Qc2 Rb6 39.Qxc4 h6 40.Bc5  0-1

[Event "JUG-chT (Women)"]
[Site "Vrnjacka Banja"]
[Date "1999.??.??"]
[Round "4"]
[White "Shumiakina, Tatiana"]
[Black "Skripchenko, Almira"]
[Result "0-1"]
[WhiteElo "2352"]
[BlackElo "2456"]

1.d4 d5 2.c4 dxc4 3.Nf3 a6 4.e3 Nf6 5.Bxc4 e6 6.O-O c5 7.Bb3 b5 8.a4 b4 9.Nbd2 Bb7
10.e4 Be7 11.e5 Ne4 12.Nxe4 Bxe4 13.Qe2 Bb7 14.dxc5 Qc7 15.Be3 Nd7 16.Rfc1 O-O
17.a5 Rfc8 18.c6 Bxc6 19.Ba4 Qb7 20.Bxc6 Rxc6 21.Rxc6 Qxc6 22.Rc1 Qb7 23.Qc2 Bd8
24.Qa4 h6 25.Rd1 Nf8 26.h3 Rc8 27.Rd6 Qa8 28.Bd2 Be7 29.Rd3 Qe4 30.Qb3 Bc5
31.Be3 Bxe3 32.Rxe3 Qb7 33.Rd3 Qb5 34.Rd4 Rb8 35.Qa2 Ng6 36.Re4 Ne7 37.Re1 Nc6
38.b3 Rd8 39.Qc2 Nxa5 40.Rc1 Qd3 41.Qa2 Nxb3 42.Rb1 Nd4  0-1

[Event "Hoogovens-C op"]
[Site "Wijk aan Zee"]
[Date "1999.??.??"]
[Round "9"]
[White "Ludden, Gert Jan"]
[Black "Afek, Yochanan"]
[Result "0-1"]
[WhiteElo "2255"]
[BlackElo "2360"]

1.d4 d5 2.Nf3 c5 3.c4 dxc4 4.e3 cxd4 5.exd4 Be6 6.Na3 Nf6 7.Ne5 g6 8.Naxc4 Bg7
9.Be2 O-O 10.O-O Nbd7 11.Bf4 Rc8 12.Rc1 Nd5 13.Bd2 Nxe5 14.Nxe5 Qb6 15.Bc3 Bxe5
16.dxe5 Nxc3 17.bxc3 Bxa2 18.c4 Rfd8 19.Qc2 Bb3 20.Qc3 Ba4 21.Rb1 Qc7 22.e6 f6
23.Qa3 Bc6 24.Qxa7 Qe5 25.Rfe1 Qg5 26.Bf1 Rd2 27.Qa3 Qf4 28.Qe3 Qxe3 29.Rxe3 Rcd8
30.Be2 Rc2 31.Rd3 Ra8 32.Bf3 Rxc4 33.g3 Kf8 34.Bxc6 bxc6 35.Rb7 Re4 36.Rc3 Rxe6
37.Rc7 Ra6 38.Rc8+ Kf7 39.Kg2 Rd6 40.h4 h5 41.Rc7 f5 42.Rc8 e5 43.Rc5 Re6
44.Rc2 e4 45.Rc7+ Kf6 46.Rc5 Rd6 47.Rc8 Ke7 48.g4 fxg4 49.Re5+ Re6 50.Re8+ Kxe8
51.Rxe6+ Kf7 52.Rxe4 c5 53.Rc4 Rc6 54.Kg3 Ke6 55.Kf4 Kd5 56.Rc1 c4 57.Rd1+ Ke6
58.Re1+ Kf6 59.f3 gxf3 60.Kxf3 c3 61.Rc1 c2  0-1

[Event "Zaragoza op 11th"]
[Site "Zaragoza"]
[Date "1999.??.??"]
[Round "4"]
[White "Baron Rodriguez, Jorge"]
[Black "Cifuentes Parada, Roberto"]
[Result "1/2-1/2"]
[WhiteElo "2205"]
[BlackElo "2525"]

1.Nf3 d5 2.d4 c5 3.c4 dxc4 4.d5 e6 5.Nc3 exd5 6.Qxd5 Qxd5 7.Nxd5 Bd6 8.Nd2 Ne7
9.Nxc4 Nxd5 10.Nxd6+ Ke7 11.Nxc8+ Rxc8 12.g3 Nc6 13.Bh3 Rd8 14.O-O Rd6 15.e4 Ndb4
16.Bf4 Rdd8 17.Rfd1 Rxd1+ 18.Rxd1 Rd8 19.Ra1 Nd4 20.Kf1 b6 21.Bc7 Rg8 22.a4 Nd3
23.a5 b5 24.e5 f5 25.exf6+ Kxf6 26.a6 Nb3 27.Rd1 c4 28.f4 Nbc5 29.Ra1 Nb3
30.Rd1 g5 31.Bd7 Nd4 32.Rd2 gxf4 33.gxf4 Ke7 34.Bh3 Rg6 35.Rg2 Rxa6 36.Rg7+ Kf6
37.Rxh7 Ra2 38.Rh6+ Kg7 39.Rd6 c3 40.Rd7+ Kh6 41.Rd6+ Kg7 42.Rd7+ Kh6 43.Rd6+  1/2-1/2

[Event "VII Anibal Open"]
[Site "Linares ESP"]
[Date "2000.01.08"]
[Round "2"]
[White "Estrada Nieto,J"]
[Black "Delchev,A"]
[Result "1/2-1/2"]
[WhiteElo "2360"]
[BlackElo "2521"]

1.Nf3 d5 2.d4 c5 3.c4 dxc4 4.e3 cxd4 5.exd4 Be6 6.Nc3 Nf6 7.Bg5 Nd5 8.Qa4+ Nc6
9.Qxc4 Nxc3 10.Qxc3 Bd5 11.Bc4 g6 12.O-O Bg7 13.Qb3 Bxc4 14.Qxc4 O-O 15.d5 Ne5
16.Nxe5 Bxe5 17.Rfe1 Qd6 18.Qe4 Bf6 19.Bf4 Qd7 20.Rad1 Rfe8 21.b3 Rad8 22.h3 Qb5
23.Qc4 a6 24.a4 Qd7 25.Rd3 b5 26.axb5 axb5 27.Qe4 Rc8 28.Qf3 b4 29.Bd2 Bc3
30.Bxc3 bxc3 31.Rxc3 Rxc3 32.Qxc3 Qxd5  1/2-1/2

[Event "VII Anibal Open"]
[Site "Linares ESP"]
[Date "2000.01.10"]
[Round "4"]
[White "Rashkovsky,N"]
[Black "Estrada Nieto,J"]
[Result "1-0"]
[WhiteElo "2513"]
[BlackElo "2360"]

1.d4 d5 2.Nf3 c5 3.c4 dxc4 4.d5 e6 5.Nc3 exd5 6.Qxd5 Qxd5 7.Nxd5 Bd6 8.e4 Ne7
9.Bxc4 Nxd5 10.Bxd5 Na6 11.O-O Nc7 12.Bb3 Be6 13.Be3 O-O 14.Rfd1 Rfd8 15.Kf1 Bxb3
16.axb3 Ne6 17.g3 f6 18.Rd5 Kf7 19.Nd2 Be7 20.Nc4 Rxd5 21.exd5 Nd4 22.Nb6 Nxb3
23.Ra4 Rb8 24.Rxa7 g5 25.Nd7 Rd8 26.Rxb7 Na5 27.Ra7 Nb3 28.Nxc5  1-0

[Event "VII Anibal Open"]
[Site "Linares ESP"]
[Date "2000.01.11"]
[Round "5"]
[White "Touzane,O"]
[Black "Svetushkin,D"]
[Result "0-1"]
[WhiteElo "2348"]
[BlackElo "2486"]

1.d4 d5 2.c4 dxc4 3.Nf3 a6 4.e3 e6 5.Bxc4 Nf6 6.O-O c5 7.Bb3 b5 8.a4 b4 9.Nbd2 Bb7
10.a5 Be7 11.Ba4+ Nbd7 12.dxc5 Bxc5 13.Nb3 O-O 14.Ne5 Nxe5 15.Nxc5 Qc7 16.Nxb7 Qxb7
17.Qd4 Ng6 18.Bd2 Rab8 19.Rfd1 Rfd8 20.Qc4 Rdc8 21.Qe2 Rc5 22.Bb3 Nh4 23.f4 Qe4
24.Be1 Nf5 25.Bf2 h5 26.h3 h4 27.Rd2 Rbc8 28.Rad1 g6 29.Ba2 Qc6 30.Bb1 Ne4
31.Rd8+ Rxd8 32.Rxd8+ Kh7 33.Bxe4 Qxe4 34.Qd3 Ng3 35.Kh2 Qxd3 36.Rxd3 Nf1+
37.Kg1 Rc1 38.Bxh4 Nxe3+ 39.Kh2 Nd5 40.Rb3 Rc4 41.Bg3 Rc5 42.Bf2 Rxa5 43.Kg3 Ra1
44.Bd4 Rd1 45.Bc5 a5 46.Bd6 Rd2 47.Kf3 a4 48.Bxb4 Rc2 49.Ra3 Nxb4 50.Rxa4 Rxb2
51.g4 Rb3+ 52.Ke4 Nd5 53.Ra7 Kg7 54.f5 gxf5+ 55.gxf5 Nf6+  0-1

[Event "Perenyi Mem"]
[Site "Gyula HUN"]
[Date "2000.01.28"]
[Round "5"]
[White "Lauber,A"]
[Black "Volzhin,A"]
[Result "1/2-1/2"]
[WhiteElo "2416"]
[BlackElo "2548"]

1.d4 d5 2.c4 dxc4 3.Nf3 a6 4.a4 Nf6 5.e3 e6 6.Bxc4 c5 7.O-O Nc6 8.Qe2 cxd4
9.Rd1 Be7 10.exd4 O-O 11.Nc3 Nd5 12.Bd3 Ncb4 13.Bb1 b6 14.Ne5 Bb7 15.Ra3 Rc8
16.Nxd5 Qxd5 17.Bxh7+ Kxh7 18.Qh5+ Kg8 19.Rg3 Rxc1 20.Rxg7+ Kxg7 21.Qg4+  1/2-1/2

[Event "5th HIT Open"]
[Site "Nova Gorica SLO"]
[Date "2000.02.08"]
[Round "8"]
[White "Richter,Mi"]
[Black "Djurkovic,M"]
[Result "1-0"]
[WhiteElo "2402"]
[BlackElo "2155"]

1.d4 d5 2.Nf3 c5 3.c4 dxc4 4.e3 cxd4 5.Bxc4 Nf6 6.exd4 Qc7 7.Ne5 e6 8.Nc3 a6
9.O-O Bd6 10.Bb3 O-O 11.f4 b5 12.Be3 Bb7 13.Rc1 Qe7 14.d5 exd5 15.Nxd5 Nxd5
16.Bxd5 Bxe5 17.fxe5 Bxd5 18.Qxd5 Nd7 19.Bd4 Rac8 20.h3 Rxc1 21.Rxc1 Qg5
22.Rc7 Nf6 23.Qf3 Nh5 24.Rc5 Qd2 25.Bc3 Qc1+ 26.Kh2 Qf4+ 27.Qxf4 Nxf4 28.Kg3 Ne6
29.Rc6 Ra8 30.Kf2 g5 31.g3 Kg7 32.Ke3 h5 33.Ke4 Kg6 34.Rd6 Ra7 35.Kd5 Rc7
36.Rxa6 Rc5+ 37.Kd6 Rc4 38.Rb6 h4 39.gxh4 gxh4 40.Rxb5 Nf4 41.Rb4 Rxb4 42.Bxb4 Nxh3
43.Be1 Kh5 44.a4  1-0

[Event "Petroff Mem Open"]
[Site "St Petersburg RUS"]
[Date "2000.02.13"]
[Round "6"]
[White "Iljushin,A"]
[Black "Kashtanov,R"]
[Result "1/2-1/2"]
[WhiteElo "2515"]
[BlackElo "2325"]

1.d4 d5 2.c4 dxc4 3.Nf3 a6 4.e3 Nf6 5.Bxc4 e6 6.O-O c5 7.Nc3 b5 8.Bb3 Bb7
9.Qe2 Nc6 10.Rd1 Nd5 11.Bc2 cxd4 12.exd4 Be7  1/2-1/2

[Event "16th open"]
[Site "Cappelle La Grande FRA"]
[Date "2000.02.21"]
[Round "4"]
[White "Volzhin,A"]
[Black "Raetsky,A"]
[Result "1-0"]
[WhiteElo "2548"]
[BlackElo "2428"]

1.d4 d5 2.c4 dxc4 3.Nf3 a6 4.e3 Nf6 5.Bxc4 e6 6.O-O c5 7.Bb3 Nc6 8.Qe2 cxd4
9.Rd1 Be7 10.Nc3 O-O 11.Nxd4 Nxd4 12.exd4 Nd5 13.Qf3 Nxc3 14.bxc3 Rb8 15.c4 b6
16.c5 bxc5 17.dxc5 Qc7 18.Bb2 Rb5 19.c6 a5 20.Rd2 Rd8 21.Rxd8+ Bxd8 22.Rd1 Be7
23.Bd4 f6 24.h4 h5 25.Be3 g6 26.Bf4 Qb6 27.Qe4 Kf7 28.Re1 Rxb3 29.axb3 Qxb3
30.Rb1 Qc4 31.Rb8 Ba6 32.c7  1-0

[Event "Open"]
[Site "Cannes FRA"]
[Date "2000.02.22"]
[Round "3"]
[White "Duquesnoy,JP"]
[Black "Geenen,M"]
[Result "1/2-1/2"]
[WhiteElo "2173"]
[BlackElo "2358"]

1.d4 d5 2.c4 dxc4 3.Nf3 c5 4.d5 Nf6 5.Nc3 e6 6.e4 exd5 7.e5 Nfd7 8.Qxd5 Nc6
9.Qe4 Nb6 10.Bg5 Be7 11.Rd1 Bd7 12.Bf6 gxf6 13.exf6 Kf8 14.fxe7+ Qxe7 15.Be2 Qxe4
16.Nxe4 Nb4 17.Ne5 Ba4 18.Rd6 Re8  1/2-1/2

[Event "II Vince Toth Mem"]
[Site "Rio de Janeiro BRA"]
[Date "2000.03.02"]
[Round "8"]
[White "Toth,Ch"]
[Black "Matsuura,E"]
[Result "1/2-1/2"]
[WhiteElo "2355"]
[BlackElo "2441"]

1.d4 d5 2.c4 dxc4 3.Nf3 c5 4.d5 e6 5.Nc3 exd5 6.Qxd5 Qxd5 7.Nxd5 Bd6 8.Nd2 Ne7
9.Nxc4 Nxd5 10.Nxd6+ Ke7 11.Nxc8+ Rxc8 12.Bd2 Nb4 13.Bxb4 cxb4 14.e3 Nd7
15.Bd3 Ne5 16.Ke2 Nxd3 17.Kxd3 Rc6 18.Rhc1 Rd8+ 19.Ke2 Rd5 20.Rxc6 bxc6  1/2-1/2

[Event "FSIMA March"]
[Site "Budapest HUN"]
[Date "2000.03.07"]
[Round "2"]
[White "Zimmerman,Y"]
[Black "Nemeth,Z"]
[Result "1/2-1/2"]
[WhiteElo "2397"]
[BlackElo "2379"]

1.d4 d5 2.c4 dxc4 3.Nf3 c5 4.d5 Nf6 5.Nc3 e6 6.e4 exd5 7.e5 Ne4 8.Qxd5 Nxc3
9.Qxd8+ Kxd8 10.bxc3 Be6 11.Ng5 Nd7 12.Nxe6+ fxe6 13.Bxc4 Nxe5 14.Bxe6 Bd6
15.O-O Kc7 16.f4 Nd3 17.Rf3 Rae8 18.f5 Nxc1 19.Rxc1 b5 20.c4 b4 21.Rd1 Rd8
22.Rfd3 a5 23.Kf2 Be5 24.Rxd8 Rxd8 25.Rxd8 Kxd8 26.Bd5 a4 27.Be4 Bxh2 28.Bc2 b3
29.axb3 a3 30.Bb1 Kc7 31.Ke3 Kb6 32.Kd3 Ka5 33.Kc2 Bg3 34.Kc1 Kb4 35.Kc2 h5
36.Ba2 Be1 37.Kd3 Ka5 38.b4+ Kxb4 39.Kc2 Bc3 40.Kd3 Bd4 41.Kc2 Ka5 42.Kb3 Bb2
43.Bb1 h4 44.Be4 Kb6 45.Bf3 Kc7 46.Bd5 Kd6 47.Bb7 Ke5 48.Bc8 Bc1 49.Bd7 Kf4
50.Bc8 Ke3 51.Bb7 Bb2 52.Bc6 Kd3 53.Bb5  1/2-1/2

[Event "FSIMA March"]
[Site "Budapest HUN"]
[Date "2000.03.13"]
[Round "8"]
[White "Zimmerman,Y"]
[Black "Weglarz,L"]
[Result "1/2-1/2"]
[WhiteElo "2397"]
[BlackElo "2387"]

1.d4 d5 2.c4 dxc4 3.Nf3 c5 4.d5 e6 5.Nc3 exd5 6.Qxd5 Qxd5 7.Nxd5 Na6 8.e4 Ne7
9.Bxc4 Nxd5 10.exd5 Bd6 11.O-O Nc7  1/2-1/2

[Event "Open"]
[Site "Dos Hermanas ESP"]
[Date "2000.04.14"]
[Round "8"]
[White "Veingold,A"]
[Black "Mellado Trivino,J"]
[Result "1/2-1/2"]
[WhiteElo "2448"]
[BlackElo "2493"]

1.d4 d5 2.Nf3 c5 3.c4 dxc4 4.Nc3 cxd4 5.Qxd4 Qxd4 6.Nxd4 e5 7.Ndb5 Na6 8.Nd5 Kd8
9.e4 Nb4 10.Nxb4 Bxb4+ 11.Bd2 Bxd2+ 12.Kxd2 Be6 13.Nd6 c3+ 14.bxc3 Kc7 15.Nc4 Nf6
16.f3 Nd7 17.Ne3 Rad8  1/2-1/2

[Event "New York Open"]
[Site "New York USA"]
[Date "2000.05.09"]
[Round "7"]
[White "Annakov,B"]
[Black "Peric,Sl"]
[Result "1/2-1/2"]
[WhiteElo "2600"]
[BlackElo "2357"]

1.d4 d5 2.c4 dxc4 3.Nf3 c5 4.d5 e6 5.Nc3 exd5 6.Qxd5 Qxd5 7.Nxd5 Bd6 8.e4 Nc6
9.Bxc4 Nge7 10.Be3 Nxd5 11.Bxd5 Nb4 12.O-O Nxd5 13.exd5 b6 14.Rfe1 O-O 15.Nd2 Bb7
16.Rad1 Rfd8 17.Nb1 Bc7 18.Nc3 Be5 19.Nb5 a6 20.Bc1 f6 21.f4 axb5 22.fxe5 Rxd5
23.exf6  1/2-1/2

[Event "Capablanca Mem Mixto"]
[Site "Varadero CUB"]
[Date "2000.05.13"]
[Round "6"]
[White "Santa Torres,J"]
[Black "Valdes,Lu"]
[Result "0-1"]
[WhiteElo "2260"]
[BlackElo "2397"]

1.d4 d5 2.c4 dxc4 3.Nf3 c5 4.e3 cxd4 5.exd4 Be6 6.Nc3 Nf6 7.Ne5 Nc6 8.Nxc6 bxc6
9.Be2 g6 10.Qa4 Qd7 11.O-O Bg7 12.Bxc4 Bxc4 13.Qxc4 O-O 14.Bf4 Nd5 15.Be5 Rad8
16.Bxg7 Kxg7 17.Nxd5 Qxd5 18.Rac1 Qxd4 19.Qxd4+ Rxd4 20.Rxc6 Rd2 21.Ra6 Rxb2
22.Rxa7 e6 23.g3 Rd8 24.h4 Rdd2 25.a4 Ra2 26.a5 Kf6 27.Kg2 h5 28.Ra8 e5 29.a6 e4
30.Re8 Re2 31.Kg1 Rxa6 32.Rb8 Kf5 33.Rb5+ Kg4 34.Kg2 f6 35.Rc5 Ra3 36.Kg1 Rf3
37.Rc4 Kh3 38.Ra4 e3  0-1

[Event "Open"]
[Site "Pula CRO"]
[Date "2000.05.19"]
[Round "4"]
[White "Bukal,V jr"]
[Black "Sulava,N"]
[Result "0-1"]
[WhiteElo "2399"]
[BlackElo "2486"]

1.d4 d5 2.c4 dxc4 3.Nf3 a6 4.e3 e6 5.Bxc4 Nf6 6.O-O b5 7.Bd3 Bb7 8.a4 bxa4
9.Ne5 Nbd7 10.Qxa4 Bd6 11.Nxd7 Nxd7 12.e4 e5 13.dxe5 Bxe5 14.f4 O-O 15.Be3 Bxb2
16.Ra2 Nb6 17.Qc2 Bd4 18.Qf2 Bxe3 19.Qxe3 Qe7 20.e5 Rfd8 21.Qh3 g6 22.Raf2 Qd7
23.f5 Qxd3 24.Qh6 Kh8 25.e6 f6 26.Rd2 Qe4 27.Nc3 Qg4 28.e7 Rg8 29.Rf4 Qh5
30.Qxh5 gxh5 31.Rfd4 Rae8  0-1

[Event "FSGM June"]
[Site "Budapest HUN"]
[Date "2000.06.06"]
[Round "4"]
[White "Lazarev,V"]
[Black "Almasi,I"]
[Result "1-0"]
[WhiteElo "2493"]
[BlackElo "2420"]

1.d4 d5 2.c4 dxc4 3.Nf3 a6 4.e3 Nf6 5.Bxc4 e6 6.Qe2 c5 7.dxc5 Bxc5 8.O-O Nc6
9.e4 b5 10.Bb3 e5 11.Be3 Bxe3 12.Qxe3 O-O 13.Nbd2 Bg4 14.Rfc1 Rc8 15.h3 Bxf3
16.Nxf3 Qd6 17.a4 Qb4 18.axb5 axb5 19.Ng5 h6 20.Bxf7+ Rxf7 21.Nxf7 Kxf7 22.Ra7+ Kg8
23.Ra6 Qxb2 24.Raxc6 Rxc6 25.Rxc6 b4 26.Qc1 Qe2 27.Qc4+  1-0

[Event "It Ingres"]
[Site "Montauban FRA"]
[Date "2000.06.25"]
[Round "4"]
[White "Flear,G"]
[Black "Lazarev,V"]
[Result "1/2-1/2"]
[WhiteElo "2519"]
[BlackElo "2493"]

1.d4 d5 2.c4 dxc4 3.Nf3 a6 4.e3 Nf6 5.Bxc4 e6 6.O-O c5 7.a4 Nc6 8.Qe2 Qc7
9.Nc3 Bd6 10.Rd1 O-O 11.h3 b6 12.dxc5 Bxc5 13.e4 Nd7 14.Ba2 Bb7 15.Bg5 h6
16.Bh4 Nde5 17.Bg3 Nxf3+ 18.Qxf3 Qe7 19.Qh5 Rfd8 20.Bh4 g5 21.Bg3 Qf6 22.Kh1 Ne5
23.Rxd8+ Rxd8 24.Rd1 Rd4 25.Bb1 Nc4 26.Rxd4 Bxd4 27.Qe2 Ne5 28.Qd2 Nc4 29.Qe2 Ne5
30.Qd2 Nc4  1/2-1/2

[Event "AKN Open"]
[Site "Haarlem NED"]
[Date "2000.07.02"]
[Round "5"]
[White "Khenkin,I"]
[Black "Cifuentes Parada,R"]
[Result "1-0"]
[WhiteElo "2622"]
[BlackElo "2483"]

1.d4 d5 2.c4 dxc4 3.Nf3 c5 4.d5 e6 5.Nc3 Ne7 6.e4 exd5 7.exd5 Nf5 8.Bxc4 Be7
9.O-O O-O 10.h3 Nd7 11.Bb3 a6 12.Re1 Nd6 13.Bf4 Nf6 14.Ne5 Re8 15.Qf3 Bf8
16.g4 h6 17.Bg3 Nd7 18.Nc4 Nxc4 19.Bxc4 Rxe1+ 20.Rxe1 Qf6 21.Qxf6 Nxf6 22.Na4 Nd7
23.d6 b5 24.Bd5 Ra7 25.Re8 Bb7 26.Bxb7 Rxb7 27.Nc3 Rb8 28.Rxb8 Nxb8 29.Nd5 f6
30.Nc7 Kf7 31.Kf1 g6 32.Ke2 f5 33.gxf5 gxf5 34.Be5 c4 35.f4 Bg7 36.Ke3 Nc6
37.Bxg7 Kxg7 38.Nxa6 Kf7 39.Nc7 b4 40.a4 h5 41.h4 Kf6 42.d7 Ke7 43.Nd5+ Kxd7
44.Nb6+ Ke6 45.Nxc4 Kd5 46.Nb6+ Ke6 47.Kd3 Na5 48.Kd4 b3 49.Kc5 Nb7+ 50.Kc6 Na5+
51.Kb5 Nb7 52.a5 Nd6+ 53.Kc6  1-0

[Event "29th ch-GRE Team"]
[Site "Athens GRE"]
[Date "2000.07.10"]
[Round "5"]
[White "Mastrovasilis,A"]
[Black "Marjanovic,S"]
[Result "1/2-1/2"]
[WhiteElo "2327"]
[BlackElo "2524"]

1.d4 d5 2.Nf3 c5 3.c4 dxc4 4.e3 cxd4 5.Bxc4 Qc7 6.Qb3 e6 7.exd4 a6 8.Nc3 Nc6
9.Be2 Nf6 10.O-O Be7 11.Bg5 O-O 12.Rfd1 Na5 13.Qc2 b5 14.Rac1 Bb7 15.Nd5 Nxd5
16.Qxc7 Nxc7 17.Bxe7 Rfc8 18.Bc5 Nd5 19.Ne5 Nf4 20.Bf1 Nc6 21.g3 Nxe5 22.dxe5 Bf3
23.Re1 Nd5 24.Bd6 h5 25.h4 Nb6 26.b3 Nd5 27.Bg2 Bxg2 28.Kxg2 a5 29.a3 Kh7
30.Kf3 Kg6 31.Ke4 Nb6 32.Kd4 a4 33.Rc5 axb3 34.Rxb5 Ra4+ 35.Kd3 Nc4 36.Rxb3 Rd8
37.Rb4 Nxe5+ 38.Ke4 Nd3 39.Rxa4 Rxd6 40.Rd4 Rxd4+ 41.Kxd4 Nxe1 42.a4 Nf3+
43.Kc5 Nd2 44.Kb5 Nb3 45.Kc4 Na5+ 46.Kb5 Nb7 47.Kc6 Na5+ 48.Kb5 Nb3 49.Kc4 Nd2+
50.Kd3 Nf3 51.Ke4 Ne1 52.Kd4 Nf3+ 53.Ke4 Nd2+  1/2-1/2

[Event "Aegean Open"]
[Site "Agios Kyrikos GRE"]
[Date "2000.07.22"]
[Round "8"]
[White "Khetsuriani,B"]
[Black "Kostouros,A"]
[Result "1-0"]
[WhiteElo "2417"]
[BlackElo "2147"]

1.d4 d5 2.c4 dxc4 3.Nf3 c5 4.e3 Nf6 5.Bxc4 e6 6.O-O Nc6 7.Nc3 cxd4 8.exd4 Bd6
9.Bg5 h6 10.Bxf6 Qxf6 11.Ne4 Qe7 12.d5 Ne5 13.Nxd6+ Qxd6 14.Nxe5 Qxe5 15.dxe6 Bxe6
16.Re1 Qf6 17.Qa4+ Kf8 18.Bxe6 fxe6 19.Qb3 Re8 20.Qxb7 Qf7 21.Qc6 g6 22.Rad1 Rh7
23.Rd3 Qe7 24.Qe4 Kg7 25.Qe5+ Kg8 26.Rd6 Kf7 27.Rc6 Qf6 28.Rc7+ Re7 29.Rxe7+ Qxe7
30.Rc1 Qe8 31.Rc7+ Kg8 32.Rxh7 Kxh7 33.Qc7+ Kg8 34.Qxa7 Qc6 35.Qe3 Qd5 36.Qb3 Qe5
37.h3 Kf7 38.Qb7+ Ke8 39.Qc8+ Ke7 40.Qc3 Qe4 41.a3  1-0

[Event "Lost Boys Open"]
[Site "Amsterdam NED"]
[Date "2000.08.12"]
[Round "2"]
[White "Tregubov,P"]
[Black "Peng Zhaoqin"]
[Result "1/2-1/2"]
[WhiteElo "2620"]
[BlackElo "2403"]

1.d4 d5 2.Nf3 c5 3.c4 dxc4 4.e3 e6 5.Bxc4 Nf6 6.O-O Nc6 7.Nc3 Be7 8.dxc5 Bxc5
9.Qxd8+ Kxd8 10.e4 Nd7 11.Rd1 Ke7 12.Bf4 f6 13.Rac1 Nb6 14.Bf1 Rd8 15.Rxd8 Kxd8
16.Nb5 e5 17.Bxe5 Bxf2+ 18.Kxf2 fxe5 19.Rd1+ Bd7 20.Ng5 Ke7 21.Nxh7 Rh8 22.Ng5 Rxh2
23.Nd6 Bg4 24.Nf3 Bxf3 25.Nf5+ Kf6 26.Rd6+ Kg5 27.Kxf3 g6 28.Ne3 Rh4 29.Bd3 Rf4+
30.Kg3 Rf6 31.Rxf6 Kxf6 32.Kh4 Nd7 33.Ng4+ Kg7 34.Bb5 Ncb8 35.Kg5 a6 36.Bc4 Nc6
37.Bd5 Nd8 38.b4 b6 39.a3 a5 40.b5 a4 41.g3 Nf7+ 42.Bxf7 Kxf7 43.Kh6 Nc5
44.Nxe5+ Ke6 45.Nf3 Nxe4 46.Ng5+ Nxg5 47.Kxg5 Kd5 48.Kxg6 Kc4 49.g4 Kb3 50.g5 Kxa3
51.Kh5 Kb4 52.g6 a3 53.g7 a2 54.g8=Q a1=Q 55.Qg4+ Kxb5 56.Qd7+ Kc5 57.Qc7+ Kb5
58.Qd7+ Kb4 59.Qg4+  1/2-1/2

[Event "ch-ESP"]
[Site "Barcelona ESP"]
[Date "2000.08.26"]
[Round "8"]
[White "Herraiz Lopez,H"]
[Black "Mellado Trivino,J"]
[Result "1/2-1/2"]
[WhiteElo "2415"]
[BlackElo "2463"]

1.d4 d5 2.c4 dxc4 3.Nf3 c5 4.e3 cxd4 5.Bxc4 Qc7 6.Qb3 e6 7.exd4 Nc6 8.Nc3 a6
9.Be2 Nf6 10.Be3 Na5 11.Qd1 Bb4 12.Rc1 Nd5 13.O-O Bxc3 14.bxc3 b5 15.Bd3 Nc4
16.Qe2 Bb7 17.Nd2 Rc8 18.Nb3  1/2-1/2

[Event "6th WUCC Women"]
[Site "Golden Sands BUL"]
[Date "2000.09.06"]
[Round "5"]
[White "Lomineishvili,M"]
[Black "Nill,J"]
[Result "1/2-1/2"]
[WhiteElo "2376"]
[BlackElo "2206"]

1.d4 d5 2.c4 dxc4 3.Nf3 a6 4.a4 Nf6 5.e3 Bg4 6.Bxc4 e6 7.O-O Nc6 8.Nc3 Bb4
9.Be2 O-O 10.Qc2 Bf5 11.Qb3 Qe7 12.Bd2 Na5 13.Qd1 c5 14.dxc5 Qxc5 15.Nd4 Bg6
16.Na2 Bxd2 17.Qxd2 Ne4 18.Qe1 Qb6 19.b4 Nc6 20.a5 Qa7 21.Nxc6 bxc6 22.Nc3 Qb7
23.Na4 Rfd8 24.Ra2 Rab8 25.Rb2 c5 26.f3 Qc6 27.Nb6 Nf6 28.Qc1 Bd3 29.Qxc5 Qb7
30.Bxd3 Rxd3 31.Rc2 h6 32.Qc7 Nd5 33.Nxd5 Rxd5 34.e4 Rd4 35.Qf4 Qxb4 36.Rc7 Rf8
37.Qe5 Rc4 38.Rd1 Qb3 39.Rcd7 Qe3+ 40.Kh1 Rc1 41.Qd4 Qxd4  1/2-1/2

[Event "It"]
[Site "Herzeliya ISR"]
[Date "2000.09.06"]
[Round "1"]
[White "Gustafsson,J"]
[Black "Zifroni,D"]
[Result "1/2-1/2"]
[WhiteElo "2506"]
[BlackElo "2527"]

1.d4 d5 2.c4 dxc4 3.Nf3 a6 4.e3 e6 5.Bxc4 c5 6.O-O Nf6 7.Bb3 Be7 8.Qe2 cxd4
9.exd4 O-O 10.Rd1 b5 11.Bg5 Bb7 12.Nc3 b4 13.Bxf6 Bxf6 14.Ne4 Be7 15.Rac1 Bd5
16.Ne5 Ra7 17.Qc2 Ba8 18.Qe2 Bd5 19.Qc2 Ba8  1/2-1/2

[Event "It"]
[Site "Herzeliya ISR"]
[Date "2000.09.11"]
[Round "6"]
[White "Kaspi,A"]
[Black "Zilberman,Y"]
[Result "1/2-1/2"]
[WhiteElo "2488"]
[BlackElo "2488"]

1.d4 d5 2.c4 dxc4 3.Nf3 a6 4.a4 Nf6 5.e3 Bg4 6.Bxc4 e6 7.O-O Nc6 8.h3 Bh5
9.b3 Be7 10.Bb2 O-O 11.Nbd2 Nb4 12.Qe2 a5 13.g4 Bg6 14.Ne5 Nd7 15.Nxg6 hxg6
16.Nf3 c6 17.Rfd1  1/2-1/2

[Event "TCh-FIN 00-01"]
[Site "FIN"]
[Date "2000.09.23"]
[Round "1"]
[White "Byggmastar,L"]
[Black "Tiitta,S"]
[Result "1/2-1/2"]
[WhiteElo "2228"]
[BlackElo "2230"]

1.d4 d5 2.Nf3 c5 3.c4 dxc4 4.Qa4+ Bd7 5.Qxc4 cxd4 6.Nxd4 Na6 7.Nc3 Rc8 8.Qd3 Nb4
9.Qd1 e5 10.Nc2 Nf6 11.e3 Ne4 12.a3 Qh4 13.g3 Qf6 14.Nxe4 Nxc2+ 15.Qxc2 Qf3
16.Qb3 Qxh1 17.Qxb7 Qxh2 18.Bb5 Qg1+ 19.Ke2 Rd8 20.Bd2 Qxa1 21.Bxd7+ Rxd7
22.Qb8+ Rd8 23.Qb5+ Rd7 24.Qb8+ Rd8 25.Qb5+  1/2-1/2

[Event "Chigorin Mem"]
[Site "St Petersburg RUS"]
[Date "2000.11.10"]
[Round "9"]
[White "Potapov,A"]
[Black "Kashtanov,R"]
[Result "1-0"]
[WhiteElo "2483"]
[BlackElo "2367"]

1.d4 d5 2.c4 dxc4 3.Nf3 a6 4.e3 Nf6 5.Bxc4 e6 6.O-O c5 7.Bb3 Nc6 8.Qe2 cxd4
9.Rd1 Be7 10.exd4 Na5 11.Bc2 b5 12.Nc3 Bb7 13.Bg5 O-O 14.Ne5 Rc8 15.Rd3 Nc4
16.Rh3 g6 17.Bb3 Nd5 18.Bxe7 Qxe7 19.Nxd5 Bxd5 20.Bxc4 Bxc4 21.Qe3 f6 22.Nxc4 Rxc4
23.d5 e5 24.Rd1 Rd8 25.Qe2 Qc5 26.Rhd3 Rc2 27.R3d2 Rxd2 28.Qxd2 Rd6 29.a3 Kg7
30.h4 h5 31.Qd3 Qc7 32.Kf1 Qc5 33.Ke2 Qc8 34.Kf1 Qd7 35.Rd2 Qd8 36.Qe4 Qc7
37.Rc2 Qd7 38.Rc5 Qe7 39.Qc2 Rd7 40.b4 f5 41.Qc3 f4 42.Kg1 Kh7 43.Qh3 Kg7
44.Qc3 Kh7 45.g3 fxg3 46.Qxg3 Rc7 47.Rc6 Rxc6 48.dxc6 Kg7 49.Qc3 Qc7 50.f4 Kf7
51.fxe5 Ke8 52.e6 Qb6+ 53.Kf1  1-0

[Event "FSIM November"]
[Site "Budapest HUN"]
[Date "2000.11.14"]
[Round "11"]
[White "Vargyas,Z"]
[Black "Nemeth,Z"]
[Result "0-1"]
[WhiteElo "2154"]
[BlackElo "2308"]

1.d4 d5 2.c4 dxc4 3.Nf3 c5 4.d5 e6 5.Nc3 exd5 6.Qxd5 Qxd5 7.Nxd5 Bd6 8.e4 Nf6
9.Nxf6+ gxf6 10.Bxc4 Be6 11.b3 Rg8 12.g3 a6 13.Bb2 Nd7 14.O-O-O Ke7 15.Rd2 Rgd8
16.Re1 Ne5 17.Bxe5 Bxe5 18.Nxe5 fxe5 19.Red1 Rd4 20.Rxd4 exd4 21.Kc2 Bxc4
22.bxc4 b5 23.Kb3 Kd6 24.Rd3 Ke5 25.Rf3 Kxe4 26.Rxf7 Kd3 27.Rf3+ Kd2 28.Rf5 Rc8
29.f4 b4 30.Rd5 d3 31.f5 a5 32.g4 a4+ 33.Kxa4 Kc3 34.Kb5 Ra8 35.f6 Rxa2 36.Kxc5 b3
37.Kb6 b2 38.Rb5 d2  0-1

[Event "Open"]
[Site "Mallorca ESP"]
[Date "2000.12.09"]
[Round "8"]
[White "Herraiz Lopez,H"]
[Black "Adla,D"]
[Result "1-0"]
[WhiteElo "2415"]
[BlackElo "2498"]

1.Nf3 d5 2.d4 c5 3.c4 dxc4 4.d5 e6 5.Nc3 Ne7 6.e4 exd5 7.exd5 Nf5 8.Bxc4 Be7
9.O-O O-O 10.Re1 Nd6 11.Bf1 Bg4 12.h3 Bh5 13.g4 Bg6 14.Ne5 Re8 15.Be3 b6
16.Bg2 Bf6 17.Bf4 Bxe5 18.Bxe5 Nc4 19.Bc7 Rxe1+ 20.Qxe1 Qd7 21.Qe2  1-0

[Event "It"]
[Site "Kastav CRO"]
[Date "2000.12.13"]
[Round "2"]
[White "Cebalo,M"]
[Black "Velikov,P"]
[Result "1-0"]
[WhiteElo "2520"]
[BlackElo "2464"]

1.d4 d5 2.Nf3 c5 3.c4 dxc4 4.e3 Nf6 5.Bxc4 e6 6.O-O a6 7.Bb3 Nc6 8.Nc3 Be7
9.dxc5 Qxd1 10.Rxd1 Bxc5 11.Bd2 Ba7 12.Rac1 Bd7 13.Be1 Ke7 14.Na4 Rhd8 15.Nc5 Bxc5
16.Rxc5 Be8 17.Rdc1 Ne4 18.R5c2 f6 19.Nd4 Nxd4 20.Rc7+ Bd7 21.exd4 Nd6 22.Bb4 a5
23.Re1 axb4 24.Rxe6+ Kf8 25.Rxd6 Be8 26.Rxd8 Rxd8 27.d5 b6 28.h4 h5 29.f3 Bf7
30.Rc4 Bxd5 31.Rxb4  1-0

[Event "TCh-SVK"]
[Site "SVK"]
[Date "2000.12.16"]
[Round "5"]
[White "Balogh,Pe"]
[Black "Lanc,A"]
[Result "1-0"]
[WhiteElo "2313"]
[BlackElo "2392"]

1.d4 d5 2.c4 dxc4 3.Nf3 a6 4.a4 Nf6 5.e3 e6 6.Bxc4 c5 7.O-O Nc6 8.Qe2 cxd4
9.Rd1 Be7 10.exd4 O-O 11.Nc3 Nb4 12.Bg5 Bd7 13.Ne5 Rc8 14.Re1 Be8 15.Rad1 Rc7
16.Bb3 Nfd5 17.Bxe7 Rxe7 18.Qf3 Bc6 19.Ne4 Rc7 20.h3 Qe7 21.Nc5 Rd8 22.Qg3 Be8
23.a5 Nc6 24.Nxc6 Bxc6 25.Re5 Rcc8 26.h4 Qf6 27.Ne4 Qg6 28.Ng5 h6 29.h5 Qf6
30.Ne4 Qe7 31.Nc5 Qf6 32.Ne4 Qe7 33.Nc3 Nxc3 34.bxc3 Bd5 35.Bc2 Kf8 36.Qd3 f5
37.Rde1 Qf7 38.g4 Qf6 39.gxf5 Qh4 40.Rxd5 Rxd5 41.Rxe6 Qg5+ 42.Kf1 Re8 43.Rxe8+ Kxe8
44.Qe4+ Kf8 45.Qxd5 Qc1+ 46.Kg2 Qxc2 47.Qd6+ Kg8 48.Qe6+ Kh7 49.Qg6+ Kg8
50.f6  1-0